01269nam a22001457a 4500003000900000005001700009008004100026040001300067100004500080245003700125260007400162300001200236490003200248520084300280IT-RoPau20220918181222.0140929b xxu||||| |||| 00| 0 eng d cIT-RoPau aIstituto Regina Apostolorum (Apostoline) aSe vuoi... 1966bVieni e seguimi aCastelgandolfo (Roma)bIstituto Regina Apostolorum (Apostoline)c1966 c18,5 cm aSe vuoi...vAnno VII - 1966 aIndice Anno VII – n. 1 Mercuri – R. D. – G. Alberione – C. Santoli – J. Guitton – M. R. – B. Häring – B. Cadorin – M. Winowska Anno VII – n. 2 R. D. – G. Alberione – G. Santoli – I. Mercuri – R. Biot – R. Amendolagine – J. W. Gran – B. Cadorin – D. Martinez Anno VII – n. 3 R. D. – G. Alberione – G. Santoli – I. Mercuri – R. Biot – M. Rosito – P. Bianchini – R. Esposito – B. Cadorin Anno VII – n. 4 R. D. – G. Alberione – I. Mercuri – C. Molari – R. Biot – J. Mc Gloin – P. B. - *** - César Vaca Anno VII – n. 5 G. Alberione – R. D. – G. Santoli – F. Dufour - *** - G. Papini – R. Goethe – C. T. - G. Barra Anno VII – n. 6 G. Alberione – R. D. – G. Santoli – F. M. Dufour - *** - Léon Bloy – Rosario F. Esposito – G. Maggi – B. Cadorin